000 00980nam a2200265Ia 4500
003 GCL
005 20240530105051.0
008 140319s9999 xx 000 0 ara d
040 _aGCL /
_cGCL
082 0 4 _a962.06/
_bق/س م
_221
100 0 _aسعدالدين ابراهيم
245 1 0 _aمصر والعروبة وثورة يوليو /
_cسعدالدين ابراهيم ، طارق البشرى
250 _aالثانية
260 _aالقاهرة :
_bدار المستقبل العربى ،
_c1983
300 _a399 ص ؛
_c24سم
490 _aسلسلة كتب المستقبل العربى
_v3
650 0 4 _aثورة 23 يوليو 1952
650 0 4 _aالصراع العربى الاسرائيلى
650 0 4 _aجمال عبدالناصر
650 0 4 _aمصر - تاريخ - الثورات
650 0 4 _aمصر - تاريخ - العصر الحديث
650 0 4 _aالشباب - هزيمة 1967
700 0 _aطارق البشرى
942 _2ddc
_cBK
999 _c52892
_d52892